00317pam a2200145a 44500008004100000020000900041041000900050082000800059100001700067245003900084250000600123260002200129300001100151650000900162230515b1984 xxu||||| |||| 00| 0 eng d aNULL aENGL aPAR aPARKER SMITH aPROBLEMS IN ELECTRICAL ENGINEERING a9 aNULLbC.B.Sc1984 a398 PB aNULL